000 00203nmm a2200085Ia 4500
008 150209s2015||||xx |||||||||||||||||und||
100 _aDOUGLAS,G
245 _aMACLEOD'S CLINICAL EXAMINATION
942 _2ddc
_cCD
999 _c5901
_d5901